Minor Civil Divisions (Districts) of Virginia With a Map - Statistics

General Stats
  • This quiz has been taken 406 times
  • The average score is 127 of 552
Answers on the Map
Answers color-coded by a green-red scale on the quiz's map according to % correct below.
 
Answer Stats
County MCD % Correct
Independent Cities Alexandria
80%
Independent Cities Richmond
79%
Arlington Arlington
78%
Independent Cities Virginia Beach
77%
Independent Cities Norfolk
74%
Isle of Wight Newport
70%
Independent Cities Charlottesville
67%
Independent Cities Newport News
67%
Charlotte | Independent Cities Roanoke
67%
Independent Cities Fairfax
66%
Independent Cities | Mathews Chesapeake
63%
Independent Cities | Rappahannock Hampton
63%
Independent Cities Lynchburg
63%
Independent Cities Suffolk
61%
Independent Cities Manassas
59%
Fairfax | Fauquier Lee
58%
Washington Harrison
56%
Stafford George Washington
54%
Westmoreland Washington
54%
Independent Cities Fredericksburg
53%
Independent Cities Williamsburg
53%
Independent Cities Winchester
53%
Independent Cities Harrisonburg
52%
Accomack | Bedford | Buckingham | +2 others 7
51%
Accomack | Amelia | Amherst | +23 others 1
50%
Accomack | Amelia | Amherst | +23 others 2
50%
Accomack | Amelia | Amherst | +23 others 3
50%
Accomack | Amelia | Amherst | +22 others 4
50%
Accomack | Amelia | Amherst | +19 others 5
50%
Accomack | Bedford | Buckingham | +5 others 6
50%
Accomack | Halifax | Mecklenburg 8
50%
Accomack | Mecklenburg 9
50%
Essex | Nelson South
50%
Independent Cities Falls Church
49%
Loudoun Leesburg
49%
Essex | Nelson North
49%
Independent Cities Portsmouth
49%
Nelson West
49%
Independent Cities Staunton
48%
Nelson East
46%
Independent Cities Danville
45%
Culpeper | Washington Jefferson
44%
King George James Madison
42%
Caroline | Charlotte | Washington Madison
42%
Independent Cities Manassas Park
42%
Gloucester York
42%
Independent Cities Petersburg
41%
Culpeper | Independent Cities | Spotsylvania Salem
41%
Independent Cities Bristol
40%
Independent Cities | Southampton Franklin
40%
King George James Monroe
37%
Greene | Washington Monroe
37%
Louisa | Rappahannock Jackson
36%
James City Jamestown
36%
Independent Cities Lexington
36%
Charlotte | Essex | Giles | +2 others Central
34%
Augusta Wayne
34%
Independent Cities Radford
33%
Prince William Potomac
32%
Warren Shenandoah
32%
Fairfax Springfield
32%
Independent Cities Waynesboro
32%
Independent Cities Emporia
31%
Independent Cities Galax
31%
Fairfax Mount Vernon
31%
Fauquier Center
30%
Independent Cities Colonial Heights
30%
Independent Cities Poquoson
30%
Independent Cities Martinsville
28%
Independent Cities | King and Queen Buena Vista
27%
Independent Cities Hopewell
27%
Alleghany | Independent Cities Covington
25%
Independent Cities Norton
25%
Hanover | Sussex Henry
22%
Louisa Patrick Henry
22%
Surry Surry
22%
Prince William Woodbridge
21%
Loudoun Ashburn
20%
Botetourt Buchanan
20%
Loudoun Dulles
20%
Washington Tyler
20%
Washington Taylor
19%
Hanover Ashland
17%
Fairfax Mason
17%
Tazewell Northern
17%
James City Powhatan
17%
Tazewell Southern
17%
Giles | Tazewell Eastern
16%
Loudoun Sterling
16%
Giles | Tazewell Western
16%
Botetourt | Franklin | Loudoun | Patrick Blue Ridge
15%
Louisa Louisa
15%
Hanover Mechanicsville
15%
Prince William Gainesville
14%
Chesterfield Dale
13%
Isle of Wight Smithfield
13%
Washington Wilson
13%
Lunenburg Plymouth
12%
Fauquier Scott
12%
Prince George Bland
11%
Campbell Concord
11%
Fauquier Marshall
11%
Clarke Berryville
10%
Chesterfield Midlothian
10%
Tazewell Northwestern
10%
Appomattox | Sussex Courthouse
9%
Floyd Court House
9%
Henrico Fairfield
9%
Prince William Occoquan
9%
Smyth Saltville
9%
Rappahannock Stonewall-Hawthorne
9%
Botetourt Valley
9%
Isle of Wight Windsor
9%
Gloucester Abingdon
8%
Southampton Berlin and Ivor
8%
Fluvanna Columbia
8%
Buchanan Knox
8%
Craig New Castle
8%
King and Queen Newtown
8%
Franklin Rocky Mount
8%
Clarke Russell
8%
Frederick | Highland | Rockingham Stonewall
8%
Essex Tappahannock
8%
Prince Edward 101
7%
Spotsylvania Battlefield
7%
Franklin Boone
7%
Caroline Bowling Green
7%
Spotsylvania Chancellor
7%
Pittsylvania Chatham-Blairs
7%
Stafford Falmouth
7%
Louisa Mineral
7%
Highland Monterey
7%
Smyth Park
7%
Caroline Port Royal
7%
Greene Ruckersville
7%
Henrico Tuckahoe
7%
Roanoke Vinton
7%
King William West Point
7%
Rockbridge Buffalo
6%
Hanover Cold Harbor
6%
Fairfax | Grayson Providence
6%
James City Roberts
6%
Rappahannock | Sussex Wakefield
6%
Bath Warm Springs
6%
Sussex Waverly
6%
Campbell Altavista
5%
Stafford Aquia
5%
James City | Spotsylvania Berkeley
5%
Fairfax Braddock
5%
Loudoun Broad Run
5%
Fairfax Dranesville
5%
Carroll Fancy Gap
5%
Botetourt Fincastle
5%
Gloucester Gloucester Point
5%
Fairfax Hunter Mill
5%
Russell Lebanon
5%
Spotsylvania Livingston
5%
Prince William Neabsco
5%
Grayson Old Town
5%
Fluvanna Palmyra
5%
Rappahannock Piedmont
5%
Rockingham Plains
5%
Campbell Rustburg
5%
Albemarle Scottsville
5%
Frederick Shawnee
5%
Greene Stanardsville
5%
Fairfax Sully
5%
Prince Edward 201
4%
Botetourt Amsterdam
4%
Hanover Beaverdam
4%
Chesterfield Bermuda
4%
Prince William Brentsville
4%
Henrico Brookland
4%
Campbell Brookneal
4%
Pittsylvania Callands-Gretna
4%
Southampton Capron
4%
Loudoun Catoctin
4%
Roanoke Cave Spring
4%
Fauquier Cedar Run
4%
Smyth Chilhowie
4%
Surry Claremont
4%
Dickenson Clintwood
4%
Chesterfield Clover Hill
4%
Prince William Coles
4%
Spotsylvania Courtland
4%
King George Dahlgren
4%
Surry Dendron
4%
Culpeper East Fairfax
4%
Frederick Gainesboro
4%
Stafford Garrisonville
4%
Roanoke Hollins
4%
Chesterfield Matoaca
4%
Westmoreland Montross
4%
Rockbridge Natural Bridge
4%
Southampton Newsoms
4%
Albemarle Rio
4%
Madison Robertson
4%
Middlesex Saluda
4%
Albemarle Samuel Miller
4%
Sussex Stony Creek
4%
Henrico Varina
4%
Culpeper West Fairfax
4%
Dickenson Willis
4%
Prince Edward 301
3%
Prince Edward 401
3%
Prince Edward 501
3%
Prince Edward 601
3%
Prince Edward 701
3%
Prince Edward 801
3%
Montgomery A-01
3%
Rockingham Ashby
3%
Smyth Atkins
3%
Charlotte Bacon
3%
Franklin | Prince George Blackwater
3%
Southampton Boykins and Branchville
3%
Prince George Brandon
3%
Isle of Wight Carrsville
3%
Surry Carsley
3%
Roanoke Catawba
3%
Culpeper Cedar Mountain
3%
Hanover Chickahominy
3%
Pulaski Cloyd
3%
Craig Craig City
3%
Craig Craig Creek
3%
Louisa Cuckoo
3%
Pulaski Draper
3%
Wythe East Wytheville
3%
Warren Fork
3%
Wythe Fort Chiswell
3%
Buchanan Garden
3%
Isle of Wight Hardy
3%
Middlesex Jamaica
3%
Southampton Jerusalem
3%
Spotsylvania Lee Hill
3%
Rockingham Linville
3%
Caroline Mattaponi
3%
Charlotte | Greene Midway
3%
Bath Millboro
3%
Clarke Millwood
3%
Sussex Newville
3%
Smyth North Fork
3%
Augusta | Warren North River
3%
Augusta Pastures
3%
Middlesex Pine Top
3%
Craig Potts Mountain
3%
Madison Rapidan
3%
Henry Ridgeway
3%
Albemarle | Fluvanna Rivanna
3%
Augusta Riverheads
3%
Pulaski Robinson
3%
Stafford Rock Hill
3%
Smyth Royal Oak
3%
Campbell Seneca
3%
King and Queen Shanghai
3%
King George Shiloh
3%
Craig Simmonsville
3%
Hanover South Anna
3%
Augusta | Rockbridge | Warren South River
3%
Wythe Speedwell
3%
James City Stonehouse
3%
King and Queen St. Stephens Church
3%
Prince George Templeton
3%
Campbell Timberlake
3%
Charlotte Walton
3%
Gloucester Ware
3%
Mathews Westville
3%
Wythe West Wytheville
3%
Albemarle White Hall
3%
Clarke White Post
3%
King William Acquinton
2%
Loudoun Algonkian
2%
Appomattox Appomattox River
2%
Montgomery B-01
2%
Frederick Back Creek
2%
Surry Bacons Castle
2%
Pittsylvania Banister
2%
Lunenburg Beaver Creek
2%
Augusta Beverley Manor
2%
Henry Blackberry
2%
Wythe Black Lick
2%
Highland Blue Grass
2%
Alleghany Boiling Springs
2%
Lunenburg Browns Store
2%
Clarke Buckmarsh
2%
Floyd Burks Fork
2%
Montgomery C-01
2%
Russell Castlewood
2%
Culpeper Catalpa
2%
Bath Cedar Creek
2%
Alleghany Clifton Forge East
2%
Alleghany Clifton Forge West
2%
Henry Collinsville
2%
Westmoreland Cople
2%
Fluvanna Cunningham
2%
Montgomery D-01
2%
Patrick | Pittsylvania Dan River
2%
Southampton Drewryville
2%
Montgomery E-01
2%
Grayson Elk Creek
2%
Dickenson Ervinton
2%
Montgomery F-01
2%
Appomattox Falling River
2%
Alleghany Falling Spring
2%
Fluvanna Fork Union
2%
Montgomery G-01
2%
Franklin Gills Creek
2%
Louisa Green Spring
2%
Stafford Griffis-Widewater
2%
Warren Happy Creek
2%
Stafford Hartwood
2%
Henry Horsepasture
2%
Lunenburg Hounds Creek
2%
Buchanan Hurricane
2%
Floyd Indian Valley
2%
Pulaski Ingles
2%
Henry Iriswood
2%
Albemarle Jack Jouett
2%
Alleghany Jackson River
2%
Dickenson Kenady
2%
Rockbridge Kerrs Creek
2%
Carroll Laurel Fork
2%
Wythe Lead Mines
2%
Floyd Little River
2%
Madison Locust Dale
2%
Floyd Locust Grove
2%
Lunenburg Loves Mill
2%
King William Mangohick
2%
Pulaski Massie
2%
Patrick Mayo River
2%
Brunswick Meherrin
2%
Lunenburg Meherrin River
2%
Augusta Middle River
2%
Louisa Mountain Road
2%
Russell New Garden
2%
Buchanan North Grundy
2%
Frederick Opequon
2%
Patrick Peters Creek
2%
Gloucester Petsworth
2%
Mathews Piankatank
2%
Carroll Pine Creek
2%
Appomattox Piney Mountain
2%
Carroll Piper Gap
2%
Brunswick Powellton
2%
Buchanan Prater
2%
Frederick Red Bud
2%
Brunswick Red Oak
2%
Henry Reed Creek
2%
Caroline Reedy Church
2%
Lunenburg Rehoboth
2%
Prince George Rives
2%
Buchanan Rock Lick
2%
Smyth Rye Valley
2%
Dickenson Sand Lick
2%
Alleghany Sharon
2%
Patrick Smith River
2%
Franklin Snow Creek
2%
Buchanan South Grundy
2%
Pittsylvania Staunton River
2%
Culpeper Stevensburg
2%
King and Queen Stevensville
2%
Brunswick Sturgeon
2%
Carroll Sulphur Springs
2%
Campbell Sunburst
2%
Henrico Three Chopt
2%
Brunswick Totaro
2%
Pittsylvania Tunstall
2%
Franklin Union Hall
2%
Bath Valley Springs
2%
Rockbridge Walkers Creek
2%
Pittsylvania Westover
2%
Bath Williamsville
2%
Grayson Wilson Creek
2%
Roanoke Windsor Hills
2%
Page 1, West Luray
1%
Page 2, East Luray
1%
Page 3, Marksville
1%
Page 4, Newport
1%
Page 5, Shenandoah
1%
Appomattox Wreck Island
1%
No matching quizzes found
Score Distribution
Percent of People with Each Score
Percentile by Number Answered
Your Score History
You have not taken this quiz